| 000 | 01378cam a2200409 i 4500 | ||
|---|---|---|---|
| 001 | 200450889 | ||
| 999 |
_c200450889 _d69101 |
||
| 003 | TR-AnTOB | ||
| 005 | 20241121145208.0 | ||
| 007 | ta | ||
| 008 | 130821s2013 tu ah b 001 0 tur d | ||
| 020 | _a9786054793037 | ||
| 020 | _a6054793039 | ||
| 035 | _a(OCoLC)856519417 | ||
| 040 |
_aOSU _beng _erda _cOSU _dZCU _dOCLCO _dOCLCF _dBGZ _dTR-AnTOB |
||
| 041 | 0 | _atur | |
| 043 | _aa-tu--- | ||
| 050 | 1 | 4 |
_aDR485 _b.A23 2013 |
| 090 |
_aDR485 _b.A23 2013 |
||
| 100 | 1 |
_aAcar, M. Şinasi, _d1939- _4author _991675 |
|
| 245 | 1 | 0 |
_aOsmanlı'dan bugüne : _bgözümüzden kaçanlar / _cM. Şinasi Acar. |
| 246 | 3 | 0 | _aGözümüzden kaçanlar |
| 250 | _aBirinci baskı Mayıs 2013 | ||
| 264 | 1 |
_aİstanbul : _bYEM Yayın, _c2013. |
|
| 300 |
_a192 pages : _billustrations (some color), facsimiles ; _c27 cm |
||
| 336 |
_atext _btxt _2rdacontent |
||
| 337 |
_aunmediated _bn _2rdamedia |
||
| 338 |
_avolume _bnc _2rdacarrier |
||
| 490 | 0 |
_aYEM yayın ; _v221 |
|
| 610 | 0 |
_aTopkapı Sarayı (İstanbul, Türkiye) _974665 |
|
| 650 | 7 |
_aZaman _xSistemler ve standartlar _2etuturkob _9139716 |
|
| 650 | 7 |
_aYazı _xTarih _2etuturkob _914814 |
|
| 650 | 0 |
_aMimari, Osmanlı _980790 |
|
| 650 | 7 |
_aSanat, Osmanlı _2etuturkob _9102313 |
|
| 651 | 7 |
_aTürkiye _xTarih _yOsmanlı İmparatorluğu, 1288-1918 _2etuturkob _955241 |
|
| 942 |
_2lcc _cBK |
||